000 00731nam a2200265 i 4500
001 C2-0118096
003 PPAK
005 20180727111014.0
008 970729s1993 my a|||| ||||| | may d
020 _a9836239294
040 _aPPAK
_beng
_cPPAK
_erda
082 0 4 _a531
_223
090 0 0 _a531
_bLAI
_dG
090 0 0 _a531
_bLAI
_dKSA
100 1 _aLai, W. Michael,
_d1930 -
_eauthor
245 1 0 _aPengenalan mekanik kontinum
264 1 _aKuala Lumpur :
_bDewan Bahasa dan Pustaka ,
_c1993
300 _axiii, 384 pages :
_billustrations ;
_c23 cm
336 _2rdacontent
_atext
337 _2rdamedia
_aunmediated
338 _2rdacarrier
_avolume
650 1 0 _aContinuum mechanics
700 _eauthor
942 _ddc
_cB
999 _c31989
_d31989